000 00709nam a2200205Ii 4500
003 JO-AjNU
008 230605s9999||||xx |||||||||||||| ||und||
040 _aJO-AjNU
_bara
_erda
_cJO-AjNU
041 _aara
050 1 4 _aHC825.T5788.1980
100 3 _aالتير، مصطفى عمر,
_eauthor
_940089
245 0 0 _aالتنمية والتحديث نتائج دراسة ميدانية في المجتمع الليبي
250 _aط1
264 3 1 _aطرابلس:معهد الانماء العربي،1980
300 _a272
336 _atext
_btxt
_2rdacontent
337 _aunmediated
_bn
_2rdamedia
338 _avolume
_bnc
_2rdacarrier
650 4 _aتغير اجتماعي-مجتمع-ليبا
_940090
999 _aA16984
_c20552
_d20552